000 00551nam a2200205Ia 4500
005 20250923144606.0
008 008 250917s9999 xx 000 0 eng d
037 _aTextual
040 _aDSWL
_beng
_cDSWL
041 _aeng
_2eng
084 _aXN51, N57
_qDSWL
100 _aA.B.S., Sangh
_9826428
245 0 _aPlanning for sarvodava
_cby Sangh ABS.
260 _a Delhi
_b Publication Rajghat
_c1967
300 _a124p.
365 _aINR
_b1
925 _g1
942 _cTEXL
_hXN51, N57
999 _c1440903
_d1440903